[Event "JBLN Ost 1819"]
[Site "Germany"]
[Date "2018.12.01"]
[Round "4.6"]
[White "Foerster, Nico"]
[Black "Albrecht, Constantin"]
[Result "1-0"]
[WhiteElo "1129"]
[BlackElo "1455"]
[PlyCount "112"]
[EventDate "2018.09.29"]
[EventType "team-tourn"]
[EventRounds "9"]
[EventCountry "GER"]
[SourceTitle "CBM 189 Extra"]
[Source "ChessBase"]
[SourceDate "2019.06.03"]
[SourceVersion "1"]
[SourceVersionDate "2019.06.03"]
[SourceQuality "1"]
[WhiteTeam "Anhalt"]
[BlackTeam "Berlin Empor"]
[WhiteTeamCountry "GER"]
[BlackTeamCountry "GER"]

1. e4 e5 2. Nf3 Nc6 3. d4 exd4 4. Nxd4 Bc5 5. Be3 Qf6 6. c3 d6 7. Bb5 Nge7 8. 0-0 Bb6 9. Nd2 0-0 10. N2f3 h6 11. Re1 Bg4 12. Qb3 a6 13. Bd3 Rab8 14. Rac1 Rfd8 15. Nxc6 bxc6 16. Nd4 c5 17. Ne2 Be6 18. Qa4 Bd7 19. Qd1 Bc6 20. Ng3 a5 21. Nh5 Qe6 22. c4 Ng6 23. b3 a4 24. Ng3 Ne5 25. Be2 Ba5 26. Rf1 f6 27. f4 Nf7 28. Bg4 Qe7 29. Bf5 Bd7 30. Qg4 Bxf5 31. Nxf5 Qf8 32. Rb1 Bc3 33. Rfc1 Bd4 34. Bxd4 cxd4 35. Nxd4 Re8 36. Ne6 Rxe6 37. Qxe6 axb3 38. Rxb3 Rxb3 39. axb3 Qb8 40. c5 Kf8 41. cxd6 Nxd6 42. Qd5 Ke7 43. Qc5 Kd7 44. Qe3 Qe8 45. e5 fxe5 46. Qxe5 Qf7 47. Qc3 Kd8 48. g3 Qd7 49. b4 Ne4 50. Qe1 Qd4+ 51. Kh1 Qd3 52. Kg1 Qd4+ 53. Kf1 Kc8 54. Rd1 Qc4+ 55. Qe2 Qxb4 56. Qa6+ Kb8 1-0

[Event "JBLN Ost 1819"]
[Site "Germany"]
[Date "2018.10.13"]
[Round "2.6"]
[White "Schulemann, Gero"]
[Black "Albrecht, Constantin"]
[Result "0-1"]
[WhiteElo "1789"]
[BlackElo "1455"]
[PlyCount "54"]
[EventDate "2018.09.29"]
[EventType "team-tourn"]
[EventRounds "9"]
[EventCountry "GER"]
[SourceTitle "CBM 189 Extra"]
[Source "ChessBase"]
[SourceDate "2019.06.03"]
[SourceVersion "1"]
[SourceVersionDate "2019.06.03"]
[SourceQuality "1"]
[WhiteTeam "Halle USV"]
[BlackTeam "Berlin Empor"]
[WhiteTeamCountry "GER"]
[BlackTeamCountry "GER"]

1. e4 e5 2. Bc4 Nf6 3. Nf3 Nc6 4. d3 Bc5 5. c3 d6 6. a4 a5 7. 0-0 h6 8. Na3 0-0 9. Nc2 Be6 10. Bb5 Bb3 11. Be3 Ba7 12. Ra3 Bxc2 13. Qxc2 Ne7 14. Bxa7 Rxa7 15. d4 exd4 16. cxd4 c6 17. Bd3 Re8 18. Rd1 Qc7 19. e5 dxe5 20. dxe5 Nfd5 21. Bh7+ Kh8 22. Ng5 hxg5 23. Rh3 Nf4 24. Rd7 Nxh3+ 25. gxh3 Qxd7 26. Qe4 Qd1+ 27. Kg2 Qd5 0-1

[Event "GER-chT North U12"]
[Site "Magdeburg"]
[Date "2014.09.12"]
[Round "3.4"]
[White "Badzies, Tobias"]
[Black "Albrecht, Constantin"]
[Result "0-1"]
[WhiteElo "1043"]
[BlackElo "1115"]
[PlyCount "83"]
[EventDate "2014.09.11"]
[EventType "team-swiss"]
[EventRounds "7"]
[EventCountry "GER"]
[SourceTitle "EXT 2016"]
[Source "ChessBase"]
[SourceDate "2015.10.08"]
[SourceVersion "1"]
[SourceVersionDate "2015.10.08"]
[SourceQuality "1"]
[WhiteTeam "Uelzen Post"]
[BlackTeam "Berlin Empor"]
[WhiteTeamCountry "GER"]
[BlackTeamCountry "GER"]

1. d4 d5 2. Nf3 Bf5 3. c4 e6 4. Nc3 Nf6 5. Bf4 a6 6. e3 Nbd7 7. Bd3 Ne4 8. Bxe4 dxe4 9. Ne5 f6 10. Nxd7 Qxd7 11. Qc2 Be7 12. Nxe4 Bb4+ 13. Ke2 Be7 14. Qb3 Bxe4 15. f3 Bc6 16. Kf2 0-0 17. Ke2 Kh8 18. Kd3 Bd6 19. Bxd6 Qxd6 20. Rac1 Rad8 21. c5 Qd7 22. a3 Bb5+ 23. Kd2 e5 24. a4 Bc6 25. Rc3 exd4 26. Rd3 dxe3+ 27. Kxe3 Qxd3+ 28. Qxd3 Rxd3+ 29. Kxd3 Bxa4 30. Re1 Rd8+ 31. Kc3 Re8 32. Ra1 Bb5 33. Rd1 Kg8 34. Kb4 Kf7 35. f4 Re4+ 36. Kc3 Rc4+ 37. Kb3 Ba4+ 38. Kxc4 Bxd1 39. b4 Be2+ 40. Kb3 Ke6 41. Ka4 Kf5 42. g3 0-1